Geography Quiz

Random Geography or State Quiz

Hamilton County Ohio Highways Quiz Stats

 Plays Quiz not verified by Sporcle

Challenge
Share
Tweet
Embed
Score 0/23 Timer 10:00
0 Plays Today
Highway Type Answer % Correct
Interstate75
98.2%
Interstate71
97.4%
Interstate74
96.5%
State Route4
96.5%
US Highway27
95.6%
Interstate275
94.7%
State Route3
91.2%
US Highway50
86.8%
US Highway25
84.2%
US Highway42
84.2%
US Highway52
83.3%
US Highway22
81.6%
Highway Type Answer % Correct
Interstate471
74.6%
US Highway127
73.7%
State Route 28
71.1%
State Route32
71.1%
State Route126
65.8%
State Route128
57%
State Route125
54.4%
State Route561
50.9%
State Route 747
50%
State Route562
49.6%
State Route264
36%

You're not logged in!

Compare scores with friends on all Sporcle quizzes.
OR
Log In

You Might Also Like...

Show Comments

Extras

Created May 8, 2014ReportNominate
Tags:State Quiz, hamilton, highway, ohio, route, run

Top Quizzes Today


Score Distribution

Your Account Isn't Verified!

In order to create a playlist on Sporcle, you need to verify the email address you used during registration. Go to your Sporcle Settings to finish the process.

Report this User

Report this user for behavior that violates our Community Guidelines.

Details: